Central Library OPAC University of Rajshahi

The model ombudsman : (Record no. 40811)

MARC details
000 -LEADER
fixed length control field 00932nam a2200265 a 4500
001 - CONTROL NUMBER
control field 40811
003 - CONTROL NUMBER IDENTIFIER
rucl marc code BD-RjUL
005 - DATE AND TIME OF LATEST TRANSACTION
control field 20211209053300.0
008 - FIXED-LENGTH DATA ELEMENTS--GENERAL INFORMATION
fixed length control field 760817s1976 nju b 001 0 eng
035 ## - SYSTEM CONTROL NUMBER
System control number (BD-RjUL)40926
040 ## - CATALOGING SOURCE
Original cataloging agency DLC
Transcribing agency DLC
Modifying agency DLC
-- BD-RjUL
Language of cataloging eng
041 ## - LANGUAGE CODE
Language code of text/sound track or separate title eng
082 00 - DEWEY DECIMAL CLASSIFICATION NUMBER
Classification number 354.9310091
Author mark and year HIM 1976
100 1# - MAIN ENTRY--PERSONAL NAME
Personal name Hill, Larry B.
9 (RLIN) 125584
245 14 - TITLE STATEMENT
Title The model ombudsman :
Remainder of title institutionalizing New Zealand's democratic experiment /
Statement of responsibility, etc. Larry B. Hill.
260 ## - PUBLICATION, DISTRIBUTION, ETC. (IMPRINT)
Place of publication, distribution, etc. Princeton, N.J. :
Name of publisher, distributor, etc. Princeton University Press,
Date of publication, distribution, etc. c1976.
300 ## - PHYSICAL DESCRIPTION
Pagination xviii, 411 p. ;
Size 23 cm.
500 ## - GENERAL NOTE
General note Based on the author's thesis, Tulane University, 1970.
504 ## - BIBLIOGRAPHY, ETC. NOTE
Bibliography, etc Bibliography: p. 387-403. and index.
650 #0 - SUBJECT ADDED ENTRY--TOPICAL TERM
Topical term or geographic name as entry element Ombudspersons
Geographic subdivision New Zealand.
9 (RLIN) 125585
856 42 - ELECTRONIC LOCATION AND ACCESS
Materials specified Publisher description
Uniform Resource Identifier <a href="http://www.loc.gov/catdir/enhancements/fy1504/76003258-d.html">http://www.loc.gov/catdir/enhancements/fy1504/76003258-d.html</a>
942 ## - ADDED ENTRY ELEMENTS (KOHA)
Source of classification or shelving scheme Dewey Decimal Classification
Koha item type Books
Holdings
Lost status Source of classification or shelving scheme Damaged status Not for loan Collection code Permanent Location Current Location Shelving location Date acquired Source of acquisition Cost, normal purchase price Total Checkouts Full call number Date last seen Copy number Koha item type
  Dewey Decimal Classification   Not For Loan Non-fiction Central Library, University of Rajshahi Central Library, University of Rajshahi Reading Room 07/10/1982 Heffer 21.10   354.9310091 HIM 1976 10/05/2016 C-1 Books